000 00583nam a2200181Ia 4500
008 090630s9999 xx 000 0 und d
082 _b22959
100 _aफडके गीता घ.
245 _aरेशीम बंध.
_cफडके गीता घ.
260 _bफडके गीता घन:श्याम.
_c2002
300 _a156
600 _aफडके गीता घ.
630 _aरेशीम बंध.
655 _aलघुकथा.
700 _aफडके गीता घ.
730 _aरेशीम बंध.
942 _cBOOK
999 _c274815
_d274815